| 000 | 00847cam a2200241 i 4500 | ||
|---|---|---|---|
| 999 |
_c7303 _d7303 |
||
| 001 | 7303 | ||
| 003 | Mx-PuUPA | ||
| 005 | 20211018095619.0 | ||
| 008 | 140415s1985 ag r 000 0 spa d | ||
| 040 |
_aMX-PuUPA _bspa _erda _cMx-PuUPA _dMx-PuUPA |
||
| 041 | 0 | _aspa | |
| 110 | 2 |
_aInstitute for Latin American Integration, _96336 |
|
| 245 | 1 | 3 |
_aEl proceso de integración en América Latina en 1984 / _cINTAL. |
| 264 | 1 |
_aBuenos Aires : _bBanco Interamericano de Desarrollo, _c1985 |
|
| 300 |
_axi, 418 páginas : _bgráficas ; _c23 cm. |
||
| 336 |
_atexto _2rdacontent _btxt |
||
| 337 |
_asin medio _2rdamedia _bn |
||
| 338 |
_avolumen _2rdacarrier _bnc |
||
| 650 | 4 |
_aIntegración económica internacional _zAmérica Latina |
|
| 650 | 4 |
_aEconomía _zAmérica Latina |
|
| 942 |
_2ddc _cLI _h337.18 _iP962 |
||